[Event "Isla de la Juventud-ch"]
[Site "Nueva Gerona"]
[Date "2009.10.30"]
[Round "11"]
[White "Portales Borrero, Roman"]
[Black "Gonzalez Espin, Johandry"]
[Result "0-1"]
[WhiteElo "2306"]
[BlackElo "2350"]
[PlyCount "126"]
[EventDate "2009.10.25"]
[EventType "tourn"]
[EventRounds "18"]
[EventCountry "CUB"]
[SourceTitle "EXT 2019"]
[Source "ChessBase"]
[SourceDate "2018.10.10"]
[SourceVersion "1"]
[SourceVersionDate "2018.10.10"]
[SourceQuality "1"]

1. d4 Nf6 2. c4 e6 3. Nc3 d5 4. cxd5 exd5 5. Nf3 Bb4 6. g3 0-0 7. Bg2 c6 8. 0-0 Nbd7 9. Bf4 Re8 10. Qc2 h6 11. Rfe1 Qa5 12. h3 Bxc3 13. bxc3 Ne4 14. c4 Nb6 15. Ne5 f6 16. Bxe4 dxe4 17. Ng4 Be6 18. Ne3 Rad8 19. c5 Nd5 20. Nxd5 Bxd5 21. Rab1 Kh8 22. Bd2 Qa6 23. Rb4 b5 24. cxb6 axb6 25. a4 Rd7 26. Be3 g5 27. Reb1 Rb7 28. Qb2 Reb8 29. a5 b5 30. Ra1 Ra8 31. Qc3 Rba7 32. Rbb1 Kg7 33. Bd2 Qc8 34. Kh2 Qd7 35. Qe3 Be6 36. g4 Rh8 37. Kg1 Bd5 38. Re1 h5 39. Qg3 hxg4 40. Qxg4 Be6 41. Qg2 Rh4 42. Ra3 Bxh3 43. Qh2 c5 44. Rg3 cxd4 45. f4 e3 46. Bb4 g4 47. Rc1 Rc7 48. Rd1 Qf5 49. a6 Ra7 50. Be1 Qe4 51. Rg2 Rh8 52. f5 Rxa6 53. Qc7+ Kh6 54. Rh2 Qxf5 55. Bg3 Kg6 56. Qc1 Rc8 57. Qb2 Ra4 58. Re1 Rc3 59. Kh1 b4 60. Qb1 b3 61. Qxf5+ Kxf5 62. Rxh3 gxh3 63. Rf1+ Ke6 0-1

[Event "Isla de la Juventud-ch"]
[Site "Nueva Gerona"]
[Date "2009.10.26"]
[Round "3"]
[White "Bezanilla Sanchez, Alexis"]
[Black "Gonzalez Espin, Johandry"]
[Result "0-1"]
[WhiteElo "2301"]
[BlackElo "2350"]
[PlyCount "156"]
[EventDate "2009.10.25"]
[EventType "tourn"]
[EventRounds "18"]
[EventCountry "CUB"]
[SourceTitle "EXT 2019"]
[Source "ChessBase"]
[SourceDate "2018.10.10"]
[SourceVersion "1"]
[SourceVersionDate "2018.10.10"]
[SourceQuality "1"]

1. g3 d5 2. Bg2 Nf6 3. Nf3 c5 4. 0-0 Nc6 5. d4 e6 6. c3 Be7 7. dxc5 Bxc5 8. Bf4 Nh5 9. Bg5 Nf6 10. e4 dxe4 11. Qxd8+ Kxd8 12. Nfd2 Kc7 13. c4 e3 14. Bxe3 Bxe3 15. fxe3 Bd7 16. Na3 Ne5 17. c5 Rad8 18. Rfd1 Bc6 19. Ndc4 Nxc4 20. Nxc4 Bxg2 21. Kxg2 Ne4 22. b4 Rd5 23. Kf3 Rhd8 24. Rxd5 exd5 25. Na3 a6 26. Rd1 b6 27. cxb6+ Kxb6 28. Nb1 Rd6 29. Ke2 Kc6 30. Rc1+ Kb5 31. Nc3+ Nxc3+ 32. Rxc3 Rh6 33. h4 Kxb4 34. Rc7 Rg6 35. Rxf7 Rxg3 36. Kd3 Rg4 37. h5 a5 38. Rf5 Kc5 39. Rf7 Rg5 40. Ra7 Kb4 41. h6 gxh6 42. a3+ Ka4 43. Ke2 h5 44. Kf3 Re5 45. Kf4 Re4+ 46. Kf3 Rh4 47. Rxh7 Kxa3 48. Kg3 Re4 49. Rxh5 Rxe3+ 50. Kf2 Rc3 51. Rxd5 a4 52. Rb5 Rb3 53. Re5 Ka2 54. Ke2 Kb2 55. Rd5 Rc3 56. Ke1 a3 57. Rd2+ Rc2 58. Rd6 a2 59. Rb6+ Kc3 60. Rc6+ Kb3 61. Ra6 Rc1+ 62. Kd2 a1Q 63. Rxa1 Rxa1 64. Ke3 Kc4 65. Ke4 Re1+ 66. Kf5 Kd5 67. Kf6 Rf1+ 68. Ke7 Rf2 69. Kd7 Rf4 70. Ke7 Ke5 71. Kd7 Rc4 72. Ke7 Rc7+ 73. Kd8 Kd6 74. Ke8 Rb7 75. Kf8 Ke6 76. Kg8 Kf6 77. Kh8 Kg6 78. Kg8 Rb8# 0-1

[Event "Nueva Gerona 15 May Cup"]
[Site "Nueva Gerona"]
[Date "2009.05.23"]
[Round "17"]
[White "Gonzalez Espin, Johandry"]
[Black "Duarte Napoles, Fanny"]
[Result "1/2-1/2"]
[WhiteElo "2298"]
[BlackElo "2267"]
[PlyCount "78"]
[EventDate "2009.05.13"]
[EventType "tourn"]
[EventRounds "22"]
[EventCountry "CUB"]
[SourceTitle "EXT 2020"]
[Source "ChessBase"]
[SourceDate "2019.10.17"]
[SourceVersion "1"]
[SourceVersionDate "2019.10.17"]
[SourceQuality "1"]

1. d4 a6 2. e4 e6 3. Nf3 d5 4. e5 Bd7 5. Be3 Ne7 6. Bd3 Bb5 7. 0-0 Nf5 8. Bxb5+ axb5 9. Qd3 Qd7 10. Nbd2 b4 11. Qb3 Nc6 12. Rfb1 Be7 13. c3 Na5 14. Qc2 Qc6 15. Rc1 bxc3 16. Qxc3 Qxc3 17. Rxc3 Nc6 18. a3 h6 19. Nf1 Ra4 20. Ng3 Nxe3 21. fxe3 f5 22. exf6 gxf6 23. Nh5 Kf7 24. Rf1 Bd6 25. Ne1 f5 26. Nd3 Na5 27. Nc5 Rc4 28. Rxc4 Nxc4 29. Nxb7 Nxe3 30. Nxd6+ cxd6 31. Rf3 Nc2 32. Rg3 Rg8 33. Rxg8 Kxg8 34. Kf2 Kf7 35. Ke2 e5 36. dxe5 dxe5 37. Kd2 Nd4 38. b4 f4 39. a4 Ke6 1/2-1/2

[Event "Nueva Gerona 15 May Cup"]
[Site "Nueva Gerona"]
[Date "2009.05.21"]
[Round "13"]
[White "Gonzalez Espin, Johandry"]
[Black "Martinez Avila, Yaima"]
[Result "1-0"]
[WhiteElo "2298"]
[BlackElo "2143"]
[PlyCount "89"]
[EventDate "2009.05.13"]
[EventType "tourn"]
[EventRounds "22"]
[EventCountry "CUB"]
[SourceTitle "EXT 2020"]
[Source "ChessBase"]
[SourceDate "2019.10.17"]
[SourceVersion "1"]
[SourceVersionDate "2019.10.17"]
[SourceQuality "1"]

1. c4 Nc6 2. Nf3 e5 3. Nc3 Nf6 4. e3 d5 5. cxd5 Nxd5 6. Qc2 Bg4 7. Nxe5 Nxe5 8. Qe4 Qd6 9. Nxd5 0-0-0 10. Nc3 f5 11. Qa4 Nc6 12. d4 f4 13. Bb5 Kb8 14. Bxc6 Qxc6 15. Qxc6 bxc6 16. b4 Bd6 17. f3 Be6 18. exf4 Rhf8 19. Kf2 Bxf4 20. Re1 Bc4 21. Re7 Bxh2 22. g3 Rxd4 23. Kg2 Bxg3 24. Kxg3 Rd3 25. Re3 Rd6 26. Ne4 Re6 27. Nc5 Rg6+ 28. Kf2 Kc8 29. Bb2 Rd8 30. Bc3 Bd5 31. Rh1 h6 32. Re7 Rf8 33. Rh3 Kd8 34. Rd7+ Kc8 35. Bxg7 Rf5 36. Bxh6 Bxa2 37. Bf4 Rxf4 38. Rhh7 Bc4 39. Rxc7+ Kb8 40. Rb7+ Kc8 41. Rhc7+ Kd8 42. Rd7+ Kc8 43. Rxa7 Rg2+ 44. Kxg2 Bf7 45. Ra8# 1-0

[Event "Nueva Gerona 15 May Cup"]
[Site "Nueva Gerona"]
[Date "2009.05.20"]
[Round "12"]
[White "Gonzalez Vega, Alejandro"]
[Black "Gonzalez Espin, Johandry"]
[Result "0-1"]
[WhiteElo "2219"]
[BlackElo "2298"]
[PlyCount "126"]
[EventDate "2009.05.13"]
[EventType "tourn"]
[EventRounds "22"]
[EventCountry "CUB"]
[SourceTitle "EXT 2020"]
[Source "ChessBase"]
[SourceDate "2019.10.17"]
[SourceVersion "1"]
[SourceVersionDate "2019.10.17"]
[SourceQuality "1"]

1. g3 e5 2. Bg2 d5 3. Nf3 Nc6 4. 0-0 e4 5. Ne1 Nf6 6. d3 Bf5 7. Nc3 Qe7 8. dxe4 dxe4 9. Bg5 Qe5 10. Bxf6 gxf6 11. Qd5 Qxd5 12. Nxd5 0-0-0 13. Nxf6 Bg7 14. Nxe4 Rhe8 15. Nc3 Bxc3 16. bxc3 Rxe2 17. Bf3 Re6 18. Nd3 Ne5 19. Nxe5 Rxe5 20. Rfe1 Rde8 21. Rec1 c6 22. a4 Rc5 23. Ra3 Rd8 24. a5 Rd2 25. a6 b6 26. Re1 Kd7 27. Rd1 Rxd1+ 28. Bxd1 Re5 29. Kg2 Re1 30. Bh5 Be4+ 31. Kh3 Ke6 32. Ra2 Rf1 33. f4 f5 34. Kh4 Rf2 35. h3 Kf6 36. Bd1 Rh2 37. g4 fxg4 38. Bxg4 Rxc2 39. Rxc2 Bxc2 40. Be2 Bf5 41. Kg3 Bc8 42. h4 Ke7 43. Bf1 b5 44. Bg2 Kd6 45. Be4 h6 46. Bd3 Bxa6 47. Kg4 Ke6 48. Kh5 Kf6 49. Kxh6 Bc8 50. Be4 a5 51. Bxc6 a4 52. Bxb5 a3 53. Bc4 Be6 54. Bxe6 Kxe6 55. Kg6 a2 56. f5+ Ke5 57. f6 a1Q 58. h5 Qf1 59. Kg7 Qxf6+ 60. Kg8 Qh6 61. Kf7 Qh7+ 62. Kf8 Kf6 63. h6 Qf7# 0-1

[Event "Nueva Gerona 15 May Cup"]
[Site "Nueva Gerona"]
[Date "2009.05.17"]
[Round "7"]
[White "Gonzalez Espin, Johandry"]
[Black "Ragolta Franco, Eduardo"]
[Result "0-1"]
[WhiteElo "2298"]
[BlackElo "2213"]
[PlyCount "86"]
[EventDate "2009.05.13"]
[EventType "tourn"]
[EventRounds "22"]
[EventCountry "CUB"]
[SourceTitle "EXT 2020"]
[Source "ChessBase"]
[SourceDate "2019.10.17"]
[SourceVersion "1"]
[SourceVersionDate "2019.10.17"]
[SourceQuality "1"]

1. c4 c6 2. e4 d5 3. exd5 Nf6 4. Nc3 cxd5 5. d4 e6 6. Nf3 Bb4 7. cxd5 Nxd5 8. Bd2 Nc6 9. Bd3 Be7 10. 0-0 Nf6 11. Be3 0-0 12. a3 b6 13. Ne4 Nxe4 14. Bxe4 Bb7 15. Rc1 Rc8 16. Qa4 Qd6 17. Rfd1 f5 18. Bb1 Na5 19. Ba2 Bd5 20. Bxd5 exd5 21. b4 Nc4 22. g3 f4 23. Bxf4 Rxf4 24. gxf4 Qxf4 25. Rc3 Bd6 26. Ne5 Rf8 27. Rf1 Qxd4 28. Nxc4 Bxh2+ 29. Kxh2 Qxc3 30. Ne3 Qe5+ 31. Kg1 Rf6 32. Qb3 Rg6+ 33. Ng2 Qe4 34. Qh3 h6 35. Rc1 d4 36. Rc8+ Kh7 37. f3 Qe3+ 38. Kh2 Qe5+ 39. Kh1 d3 40. f4 Qe4 41. f5 Rg5 42. Rc1 d2 43. Rd1 Qe2 0-1

[Event "Nueva Gerona 15 May Cup"]
[Site "Nueva Gerona"]
[Date "2009.05.17"]
[Round "8"]
[White "Portales Borrero, Roman"]
[Black "Gonzalez Espin, Johandry"]
[Result "1/2-1/2"]
[WhiteElo "2274"]
[BlackElo "2298"]
[PlyCount "209"]
[EventDate "2009.05.13"]
[EventType "tourn"]
[EventRounds "22"]
[EventCountry "CUB"]
[SourceTitle "EXT 2020"]
[Source "ChessBase"]
[SourceDate "2019.10.17"]
[SourceVersion "1"]
[SourceVersionDate "2019.10.17"]
[SourceQuality "1"]

1. g3 e5 2. c4 Nf6 3. Bg2 d5 4. cxd5 Nxd5 5. Nc3 Nb6 6. d3 Be7 7. Nf3 Nc6 8. 0-0 0-0 9. a3 Be6 10. b4 Nd4 11. Rb1 f6 12. Nd2 c6 13. e3 Nb5 14. Nxb5 cxb5 15. Nb3 Na4 16. Bb2 Qd7 17. d4 Rfd8 18. Ba1 f5 19. e4 exd4 20. Qxd4 Bg5 21. f4 Bh6 22. Qxd7 Rxd7 23. Nd4 Bc4 24. Nxf5 Bxf1 25. Rxf1 Rd3 26. g4 Rxa3 27. g5 a5 28. bxa5 Rxa5 29. gxh6 g6 30. Nd6 Nc3 31. Bxc3 Rxc3 32. Rb1 b4 33. Bf1 Ra4 34. Bb5 Raa3 35. f5 gxf5 36. exf5 Kf8 37. Rxb4 Rc1+ 38. Kf2 Rc2+ 39. Be2 Rh3 40. Re4 Rxh6 41. Re8+ Kg7 42. Re7+ Kf8 43. Re6 Rxe6 44. fxe6 Rc6 45. Nxb7 Ke7 46. Bf3 Rc7 47. Bd5 Rxb7 48. Bxb7 Kxe6 49. Kf3 Ke5 50. Kg4 Kf6 51. h4 Kg6 52. h5+ Kf6 53. Kf4 Kf7 54. Kg5 Kg7 55. h6+ Kg8 56. Kf6 Kh8 57. Ke7 Kg8 58. Be4 Kh8 59. Bf5 Kg8 60. Bc2 Kh8 61. Be4 Kg8 62. Ke6 Kh8 63. Bf5 Kg8 64. Bg4 Kh8 65. Ke7 Kg8 66. Bf3 Kh8 67. Bc6 Kg8 68. Bg2 Kh8 69. Bf3 Kg8 70. Bc6 Kh8 71. Bd7 Kg8 72. Bh3 Kh8 73. Bc8 Kg8 74. Bb7 Kh8 75. Bg2 Kg8 76. Bf1 Kh8 77. Kf6 Kg8 78. Bd3 Kh8 79. Ke7 Kg8 80. Ke8 Kh8 81. Bf5 Kg8 82. Bc2 Kh8 83. Ke7 Kg8 84. Kf6 Kh8 85. Bf5 Kg8 86. Be4 Kh8 87. Bh1 Kg8 88. Bd5+ Kh8 89. Ke6 Kg8 90. Bf3 Kh8 91. Bh1 Kg8 92. Ba8 Kh8 93. Ke7 Kg8 94. Ke8 Kh8 95. Be4 Kg8 96. Bf5 Kh8 97. Bd3 Kg8 98. Ke7 Kh8 99. Bb1 Kg8 100. Kf6 Kh8 101. Bc2 Kg8 102. Bf5 Kh8 103. Bd7 Kg8 104. Bb5 Kh8 105. Ke7 1/2-1/2

[Event "Nueva Gerona 15 May Cup"]
[Site "Nueva Gerona"]
[Date "2009.05.16"]
[Round "6"]
[White "Duarte Napoles, Fanny"]
[Black "Gonzalez Espin, Johandry"]
[Result "1/2-1/2"]
[WhiteElo "2267"]
[BlackElo "2298"]
[PlyCount "32"]
[EventDate "2009.05.13"]
[EventType "tourn"]
[EventRounds "22"]
[EventCountry "CUB"]
[SourceTitle "EXT 2020"]
[Source "ChessBase"]
[SourceDate "2019.10.17"]
[SourceVersion "1"]
[SourceVersionDate "2019.10.17"]
[SourceQuality "1"]

1. d4 Nf6 2. Nf3 d5 3. c4 e6 4. Nc3 Be7 5. Bg5 Nbd7 6. e3 0-0 7. Rc1 c6 8. Bd3 dxc4 9. Bxc4 Nd5 10. Bxe7 Qxe7 11. 0-0 Nxc3 12. Rxc3 e5 13. dxe5 Nxe5 14. Nxe5 Qxe5 15. Bb3 Be6 16. Bxe6 Qxe6 1/2-1/2